000 01154nam a2200289 i 4500
003 EG-ScBUE
005 20260401093559.0
008 100314t2009 njuab f 000 0 eng d
020 _a9780136007715
020 _a0136007716
040 _aEG-ScBUE
_beng
_erda
_cEG-ScBUE
_dEG-ScBUE
082 0 4 _222
_a551.078
_bLAB
245 0 0 _aLaboratory manual in physical geology /
_cproduced under the auspices of the American Geological Institute and the National Association of Geoscience Teachers ; Richard M. Busch, editor ; illustrated by Dennis Tasa.
250 _aEighth edition.
264 1 _aUpper Saddle River, N.J. :
_bPearson/Prentice Hall,
_c[2009]
264 4 _cc2009
300 _axi, 308 pages :
_bcolor illustrations, color maps ;
_c28 cm
336 _2rdacontent
_atext
_btxt
337 _aunmediated
_2rdamedia
_bn
338 _avolume
_bnc
_2rdacarrier
650 7 _912641
_aPhysical geology
_vLaboratory manual.
_2BUEsh
650 7 _912642
_aPhysical geology
_vProblems, exercises, etc.
_2BUEsh
655 _vReading book
700 1 _912635
_aBusch, Richard M.,
_eeditor.
700 1 _912643
_aTasa, Dennis,
_eillustrator
942 _2ddc
_cBB
999 _c13671
_d13671